000 01267nam a2200337 a 4500
001 ebr5000313
003 CaPaEBR
006 m u
007 cr cn|||||||||
008 990301s1999 enk sb 001 0 eng
015 _aGB98-W8925
016 7 _a1859962564
_2Uk
020 _z1859962564(pbk.)
040 _aCaPaEBR
_cCaPaEBR
035 _a(OCoLC)50174646
050 1 4 _aRJ254
_b.M86 1999eb
082 0 4 _a618.9201
_221
100 1 _aMupanemunda, Richard H.
245 1 0 _aKey topics in neonatology
_h[electronic resource] /
_cRichard H. Mupanemunda, Michael Watkinson ; consultant editor David R. Harvey.
260 _aOxford :
_bBIOS Scientific,
_c1999.
300 _axiii,338 p.
490 1 _aThe key topics series
504 _aIncludes bibliographical references and index.
533 _aElectronic reproduction.
_bPalo Alto, Calif. :
_cebrary,
_d2013.
_nAvailable via World Wide Web.
_nAccess may be limited to ebrary affiliated libraries.
650 0 _aNeonatology.
655 7 _aElectronic books.
_2local
700 1 _aWatkinson, Michael.
710 2 _aebrary, Inc.
830 0 _aKey topics series.
856 4 0 _uhttp://site.ebrary.com/lib/rucke/Doc?id=5000313
_zAn electronic book accessible through the World Wide Web; click to view
999 _c17708
_d17708